| 000 | 00531nam a2200169 a 4500 | ||
|---|---|---|---|
| 005 | 20140310183149.0 | ||
| 008 | 020821s19uu xx 00 eng d | ||
| 050 |
_aAG 5 _b.N532 1997 |
||
| 245 | _aThe New international webster's pocket grammar, speech & style dictionary of the English language. | ||
| 260 |
_a[S.l.] : _bTrident Press International, _c2000. |
||
| 300 |
_a314 p. : _c17 cm. |
||
| 650 |
_aEnglish language _xgrammar |
||
| 650 |
_aEnglish language _xspeech |
||
| 942 |
_cBK _2lcc |
||
| 999 |
_c19623 _d19623 |
||